Fundamentálne aspekty financovania podniku prostredníctvom private equity a venture kapitálu
Vymedzenie pojmov "Private Equity" a "Venture kapitál". Možnosti a formy financovania podnikov a spoločností. Investori rizikového a rozvojového kapitálu. Výnosnosť investičných projektov.
Salvato in:
| Autore principale: | |
|---|---|
| Natura: | Capitolo di libro |
| Lingua: | slovacco |
| Soggetti: | |
| Tags: |
Nessun Tag, puoi essere il primo ad aggiungerne!!
|
MARC
| LEADER | 00000naa a2200000 4500 | ||
|---|---|---|---|
| 001 | 0151012 | ||
| 005 | 20240502072716.9 | ||
| 041 | 0 | |a slo | |
| 044 | |a SK | ||
| 245 | 1 | 0 | |a Fundamentálne aspekty financovania podniku prostredníctvom private equity a venture kapitálu |c Katarína Oravíková Podoliaková |
| 520 | |a Vymedzenie pojmov "Private Equity" a "Venture kapitál". Možnosti a formy financovania podnikov a spoločností. Investori rizikového a rozvojového kapitálu. Výnosnosť investičných projektov. | ||
| 610 | 2 | 0 | |a financovanie podnikov |
| 610 | 2 | 0 | |a formy financovania |
| 610 | 2 | 0 | |a manažment finančný |
| 610 | 2 | 0 | |a investície kapitálové |
| 610 | 2 | 0 | |a štruktúra kapitálová |
| 610 | 2 | 0 | |a tvorba kapitálu |
| 610 | 2 | 0 | |a kapitál podnikový |
| 610 | 2 | 0 | |a zdroje finančné |
| 100 | 1 | |a Oravíková Podoliaková, Katarína | |